Welche Stadt in Mecklenburg-Vorpommern? - Statistiken

Allgemein
  • Dieses Quiz wurde 2.687 mal gespielt
  • Das Durchschnittsergebnis liegt bei 9 aus 20
Antwortstatistiken
Beschreibung Buchstabe Stadt % Korrekt
Landeshauptstadt S Schwerin
99%
Größte Stadt R Rostock
97%
Die Stadt hat den gleichen Namen wie die Insel, auf der sie liegt; die Insel teilt sich Deutschland mit Polen U Usedom
82%
Universitäts- und Hansestadt an dem in die Ostsee mündenden Fluss Ryck G Greifswald
67%
Diese Stadt wird auch als „Tor zur Insel Rügen“ bezeichnet S Stralsund
62%
Kreisstadt des Landkreises Mecklenburgische Seenplatte N Neubrandenburg
58%
Hansestadt an der Ostseeküste südlich der oben genannten Insel W Wismar
58%
Die größte Stadt auf Rügen B Bergen auf Rügen
50%
Größte Stadt an der Müritz W Waren
49%
Diese Gemeinde im Nordwesten des Bundeslandes hat den gleichen Namen wie die Insel, auf der sie liegt und die sie komplett umfasst P Insel Poel
41%
Hier mündet die Uecker in die Ostsee U Ueckermünde
36%
Kreisstadt 40 km südöstlich der Landeshauptstadt und zehntgrößte Stadt von Mecklenburg-Vorpommern P Parchim
32%
Das größte Ostseebad Mecklenburgs; wird auch "Grüne Stadt am Meer" genannt K Kühlungsborn
29%
Zweitgrößte Stadt auf Rügen und zweitjüngste Stadt in Mecklenburg-Vorpommern S Sassnitz
29%
Diese Stadt führt seit 2006 offiziell den Namenszusatz „Barlachstadt“ nach dem Bildhauer Ernst Barlach G Güstrow
28%
Das Schloss dieser Stadt wird auch als „Versailles des Nordens“ bezeichnet L Ludwigslust
27%
Mittelstadt im Landkreis Mecklenburgische Seenplatte, die zu den bekanntesten Urlaubszielen in Mecklenburg-Vorpommern zählt und seit 2022 „staatlich anerkannter Erholungsort“ ist N Neustrelitz
27%
Diese Hansestadt an der Peene ist Geburtsort des Luftfahrtpioniers Otto Lilienthal A Anklam
26%
Im Ortsteil Heiligendamm dieser Stadt fand 2007 der G8-Gipfel statt B Bad Doberan
18%
Größte Stadt am Saaler Bodden R Ribnitz-Damgarten
14%
Keine übereinstimmenden Quizze gefunden
Verteilung der Resultate
Anzahl Personen mit jedem Resultat
Perzentil nach korrekt beantworteten Fragen
Ihre Resultats-Entwicklung
Sie haben dieses Quiz noch nicht gespielt